000 00275nam a2200121Ia 4500
008 190216s9999||||xx |||||||||||||| ||und||
100 _aGopal Bhargava
245 0 _aRolling Plan
260 _bSterling Publications
_c1980
300 _a137p
650 _aCommerce
942 _cBK
999 _c4761
_d4761